| 000 | 00678nam a2200241Ia 4500 | ||
|---|---|---|---|
| 003 | OSt | ||
| 005 | 20221005120754.0 | ||
| 006 | a|||||r|||| 00| 0 | ||
| 007 | ta | ||
| 008 | 221004b |||||||| |||| 00| 0 eng d | ||
| 024 | _a57842 | ||
| 037 | _cTextual | ||
| 040 |
_aCRL _cCRL _beng |
||
| 041 |
_2eng _aeng |
||
| 082 | _aT4:875, H0 | ||
| 100 |
_aHeaton Kenneth L _9629624 |
||
| 245 | 0 |
_aFailing student _b A study of academic failure and the implications for education |
|
| 260 | _c1940 | ||
| 650 | _aHIGHER EDUCATION | ||
| 700 |
_a Weedon Vivian _9629625 |
||
| 942 |
_hT4:875, H0 _cTEXL _2cc |
||
| 999 |
_c1039072 _d1039072 |
||